Nr. 1 Hits in den USA 1998 - Statistiken

Allgemein
  • Dieses Quiz wurde 23 mal gespielt
  • Das Durchschnittsergebnis liegt bei 5 aus 16
Antwortstatistiken
Wochen auf Platz 1 Lied Interpret % Korrekt
2 Wochen My Heart Will Go On Céline Dion
94%
14 Wochen Candle in the Wind 1997 Elton John
94%
4 Wochen I Don’t Want to Miss a Thing Aerosmith
61%
13 Wochen The Boy Is Mine Brandy & Monica
56%
6 Wochen I’m Your Angel Céline Dion & R. Kelly
39%
3 Wochen Gettin’ Jiggy Wit It Will Smith
39%
2 Wochen Together Again Janet Jackson
28%
2 Wochen Doo Wop (That Thing) Lauryn Hill
28%
1 Woche My All Mariah Carey
28%
2 Wochen Truly Madly Deeply Savage Garden
28%
5 Wochen The First Night Monica
22%
2 Wochen Nice & Slow Usher
11%
5 Wochen Too Close Next
6%
1 Woche One Week Barenaked Ladies
0%
1 Woche Lately Divine
0%
3 Wochen All My Life K-Ci & JoJo
0%
Keine übereinstimmenden Quizze gefunden
Verteilung der Resultate
Anzahl Personen mit jedem Resultat
Perzentil nach korrekt beantworteten Fragen
Ihre Resultats-Entwicklung
Sie haben dieses Quiz noch nicht gespielt